Series from Pictures 1 - Statistics

General Stats
  • This quiz has been taken 8 times
  • The average score is 7 of 16
Answer Stats
Picture Answer % Correct
Family Guy
100%
The Office
100%
Young Sheldon
88%
Lupin
63%
Peaky Blinders
50%
Wednesday
50%
Daredevil
38%
Dexter
38%
La Casa De Papel
38%
Seinfeld
38%
Better Call Saul
13%
Brooklyn 99
13%
From
13%
Mindhunter
13%
The Walking Dead
13%
Dark
0%
No matching quizzes found
Score Distribution
Percent of People with Each Score
Percentile by Number Answered
Your Score History
You have not taken this quiz